Optimalizácia odpadového hospodárstva v a. s. Chemolak Smolenice : Záverečná práca

Gespeichert in:
Bibliographische Detailangaben
1. Verfasser: Štefík, Patrik (Verfasst von)
Weitere Verfasser: Bachratý, Róbert (xxx)
Format: Manuskript Buch
Sprache:Slowakisch
Veröffentlicht: Trnava : STU v Bratislave MtF KEBI, 2002
Schlagworte:
Tags: Tag hinzufügen
Keine Tags, Fügen Sie das erste Tag hinzu!

MARC

LEADER 00000ntm a22000003a 4500
001 stu77438
005 20160719154959.6
008 020930s2002----xo------------------slo-d
040 |a STU  |b slo 
041 0 |a slo 
044 |a xo 
100 1 |a Štefík, Patrik  |4 aut 
245 1 |a Optimalizácia odpadového hospodárstva v a. s. Chemolak Smolenice :  |b Záverečná práca 
260 |a Trnava :  |b STU v Bratislave MtF KEBI,  |c 2002 
300 |a 40 s  |c abstr. 
650 7 |a odpadové hospodárstvo  |2 stusub 
650 7 |a optimalizácia  |2 stusub 
650 7 |a priemyselná ekológia  |2 stusub 
700 1 |a Bachratý, Róbert  |4 xxx 
996 |b 284M0647  |c M*BP-47  |l MMSKP  |s P  |a 0  |w stu77438_0001